| Record ID | ia:dynamicnutrition0000gast |
| Source | Internet Archive |
| Download MARC XML | https://archive.org/download/dynamicnutrition0000gast/dynamicnutrition0000gast_marc.xml |
| Download MARC binary | https://www.archive.org/download/dynamicnutrition0000gast/dynamicnutrition0000gast_meta.mrc |
LEADER: 00810cam a22002414a 4500
001 97023443
003 DLC
005 20011107113126.0
008 970612s1997 nyua b 001 0 eng
010 $a 97023443
020 $a0895297566
040 $aDLC$cDLC$dDLC
042 $apcc
050 00 $aTX361.A8$b.G37 1997
082 00 $a613.2/024796$221
100 1 $aGastelu, Daniel.
245 10 $aDynamic nutrition for maximum performance :$ba complete nutritional guide for peak sports performance /$cDaniel Gastelu, Fred Hatfield.
246 3 $aMaximum performance
260 $aGarden City Park, N.Y. :$bAvery Pub. Group,$c1997.
300 $axii, 404 p. :$bill. ;$c28 cm.
504 $aIncludes bibliographical references (p. 389-395) and index.
650 0 $aAthletes$xNutrition.
700 1 $aHatfield, Frederick C.